Writing Up Qualitative Research /

Conjunto de recomendaciones y reflexiones sobre la etapa de escritura de informes, disertaciones y artículos basados en investigaciones desarrolladas con una metodología cualitativa.

-д хадгалсан:
Номзүйн дэлгэрэнгүй
Үндсэн зохиолч: Wolcott, Harry F. (autor)
Формат: Ном
Хэл сонгох:англи
Хэвлэсэн: Los Angeles, EUA : Sage, 2001, c2001
Хэвлэл:2a edición
Нөхцлүүд:
Шошгууд: Шошго нэмэх
Шошго байхгүй, Энэхүү баримтыг шошголох эхний хүн болох!

MARC

LEADER 00000nam^a2200000^a^4500
001 000129717
005 20250521000000.0
009 20260310094923.789
020 |a 0-7619-2428-0 
037 |a Acervo ITESO - Biblioteca 
041 |a ING 
082 |a 300. 1  |b WOL 
100 |a Wolcott, Harry F.  |e (autor) 
240 1 1 |a [Mejorar la escritura de la investigación cualitativa] 
245 1 0 |a Writing Up Qualitative Research /  |c H.F. Wolcott. 
250 |a 2a edición 
264 4 |a Los Angeles, EUA :  |b Sage,  |c 2001, c2001 
300 |a 202 p. 
336 |a texto  |b txt  |2 rdacontenido 
337 |a sin mediación  |b n  |2 rdamedio 
338 |a volumen  |b nc  |2 rdasoporte 
520 |a Conjunto de recomendaciones y reflexiones sobre la etapa de escritura de informes, disertaciones y artículos basados en investigaciones desarrolladas con una metodología cualitativa. 
649 |a XX 
650 |a Metodología Cualitativa -  |x Tema Principal 
650 |a Estilo Literario 
650 |a Redacción -  |x Tema Principal 
650 |a Investigación -  |x Informes 
650 |a Investigación -  |x Metodología 
650 |a Ciencias Sociales -  |x Metodología 
910 |a Fondo General 
920 |a Impresos - Libros 
930 |a Colección General 
905 |a 101 
901 |a 0500060000  |b IT1  |c ACC  |u 20250521 
902 |a https://opac.biblio.iteso.mx/vufind/Record/000129717